000 01195nam a22003377a 4500
003 CHAP
005 20220329143925.0
008 120829s2011 mx rs o00010 spa d
010 _a103785
011 _a104757
020 _a9786074942651
035 _a115447
040 _cCHAP
082 0 4 _a364.15082
_bI42
110 2 _aInstituto Nacional de Estadística, Geografía e Informática. México
_959304
245 1 0 _aDelitos contra las mujeres 2011. Análisis de la clasificación estadística de delitos
_c/por Instituto Nacional de Estadística, Geografía e Informática
260 _aAguascalientes, Ags. :
_bINEGI,
_c2000
300 _ap. :
_bgráfs.
590 _aBATCH-UPD
_b10
_c20130110
_lUCH01
_h1113
590 _aBATCH-UPD
_b10
_c20130410
_lUCH01
_h0704
590 _aBATCH-UPD
_b10
_c20130914
_lUCH01
_h1139
590 _aCONVERSION
_b10
_c20130109
_lUCH01
_h1357
650 1 4 _aDelitos.
_931689
650 1 4 _aEnfoque de género
_zMéxico.
_936946
650 1 4 _aMujer.
_979312
650 1 4 _aMujer
_xEstadísticas.
_979322
650 1 4 _aViolencia.
_9119891
901 _aBK
942 _cLIBRO
949 _a364.15082 I42
_bBC
_cFAO
_d33724002345959
_eINEGI
_gDonacion
_h117331
_i115447
_st
999 _c103785
_d103785